ბათუმის შოთა რუსთაველის სახელმწიფო უნივერსიტეტის ბიბლიოთეკა

გაბნეული ელექტრომაგნიტური ტალღების სტატისტიკური მახასიათებლების შესწავლა ტურბულენტურ დაჯახებად პლაზმურ გარემოში : დისერტაცია / (ბიბ.ჩანაწერი № 51676)

000 -ლიდერი
ფიქსირებული სიგრძის საკონტროლო ველი 01763nam a2200241Ia 4500
001 - საკონტროლო ნომერი
საკონტროლო ველი 18667
003 - საკონტროლო ნომრის იდენტიფიკატორი
საკონტროლო ველი GE_BSU
005 - ბოლო ოპერაციის თარიღი და დრო
საკონტროლო ველი 20220920164518.0
008 - ფიქსირებული სიგრძის მონაცემთა ელემენტები - ზოგადი ინფორმაცია
ფიქსირებული სიგრძის საკონტროლო ველი 181216s2008||||ge |||||||||||||| ||geo||
040 ## - კატალოგიზაციის წყარო
Transcribing agency GE_BSU
041 ## - ენის კოდი
Language code of text/sound track or separate title geo
080 ## - უნივერსალური ათობითი კლასიფიკაციის ინდექსი
Universal Decimal Classification number 53 ტ-20
100 ## - მთავარი ჩანაწერი - პიროვნების სახელი
Personal name ტაკიძე, ი.
9 (RLIN) 10510
245 ## - ცნობა სათაურის შესახებ
Title გაბნეული ელექტრომაგნიტური ტალღების სტატისტიკური მახასიათებლების შესწავლა ტურბულენტურ დაჯახებად პლაზმურ გარემოში : დისერტაცია /
Statement of responsibility, etc ირმა ტაკიძე; სამეცნიერო ხელმძღვანელი ჯანდიერი გ., დიასამიძე ; ბათუმის შოთა რუსთაველის სახელმწიფო უნივერსიტეტი.
264 ## - წარმოების, გამოცემის, დისტრიბუციის და სხვა ცნობები
გამოცემის, წარმოების, დისტრიბუციის... ადგილი ბათუმი,
გამოცემის, წარმოების, დისტრიბუციის... სახელწოდება
გამოცემის, წარმოების, დისტრიბუციის... თარიღი 2008.
300 ## - ფიზიკური აღწერა
Extent 132 გვ.;
Other physical details 30 სმ.
653 ## - INDEX TERM--UNCONTROLLED
Uncontrolled term გაბნეული ელექტრომაგნიტური ტალღების სტატისტიკური მახასიათებლების შესწავლა ტურბულენტურ დაჯახებად პლაზმურ გარემოში
653 ## - INDEX TERM--UNCONTROLLED
Uncontrolled term ფიზიკა
653 ## - INDEX TERM--UNCONTROLLED
Uncontrolled term დისერტაცია
700 ## - ADDED ENTRY--PERSONAL NAME
Personal name ჯანდიერი გ.
Relator term სამეცნიერო ხელმძღვანელი
9 (RLIN) 11871
710 ## - ADDED ENTRY--CORPORATE NAME
Corporate name or jurisdiction name as entry element ბათუმის შოთა რუსთაველის სახელმწიფო უნივერსიტეტი.
9 (RLIN) 11872
942 ## - ADDED ENTRY ELEMENTS (KOHA)
Koha item type წიგნი
Source of classification or shelving scheme
ეგზემპლარები
ჩამოწერის სტატუსი დაკარგული ეგზემპლარის სტატუსი კლასიფიკაციის წყარო ან თაროზე გაწყობის სქემა დაზიანების სტატუსი არ გაიცემა მუდმივი მდებარეობა (დაცვის ადგილი) ამჟამინდელი ადგილსამყოფელი თაროზე განთავსების ადგილი შეძენის თარიღი სრული შენახვის შიფრი შტრიხკოდი ბოლო ოპერაციის თარიღი ეგზემპლარის მიმდევრობითი ნომერი (კეტერი?) ფასის ძალაში შესვლის თარიღი ეგზემპლარის სახეობა
        შიდა ფონდი ბათუმის შოთა რუსთაველის სახელმწიფო უნივერსიტეტის მთავარი ბიბლიოთეკა ბათუმის შოთა რუსთაველის სახელმწიფო უნივერსიტეტის მთავარი ბიბლიოთეკა წიგნსაცავი 2018-12-17 53 ტ-20 16 დისერტ. 2018-12-17 16 2018-12-17 დისერტაცია